Handbook of mechanical design (Record no. 60971)
[ view plain ]
| 000 -LEADER | |
|---|---|
| fixed length control field | 00700nam a22001937a 4500 |
| 003 - CONTROL NUMBER IDENTIFIER | |
| control field | NUST-PNEC |
| 005 - DATE AND TIME OF LATEST TRANSACTION | |
| control field | 20170116180711.0 |
| 008 - FIXED-LENGTH DATA ELEMENTS--GENERAL INFORMATION | |
| fixed length control field | 141011b xxu||||| |||| 00| 0 eng d |
| 020 ## - INTERNATIONAL STANDARD BOOK NUMBER | |
| International Standard Book Number | 0074517589 |
| 040 ## - CATALOGING SOURCE | |
| Transcribing agency | PNEC |
| 082 ## - DEWEY DECIMAL CLASSIFICATION NUMBER | |
| Classification number | 621.815 MAI |
| 100 ## - MAIN ENTRY--PERSONAL NAME | |
| 9 (RLIN) | 547 |
| Personal name | Maitra, Gitin M |
| 245 ## - TITLE STATEMENT | |
| Title | Handbook of mechanical design |
| Statement of responsibility, etc. | Gitin M Maitra |
| 260 ## - PUBLICATION, DISTRIBUTION, ETC. | |
| Place of publication, distribution, etc. | New Delhi ; [London] : |
| Name of publisher, distributor, etc. | Tata McGraw-Hill, |
| Date of publication, distribution, etc. | c1985. |
| 300 ## - PHYSICAL DESCRIPTION | |
| Extent | xiii, 666 pages : |
| Other physical details | ill. ; |
| Dimensions | 25 cm |
| 500 ## - GENERAL NOTE | |
| General note | Includes Index http://www.amazon.com/Handbook-Mechanical-Design-G-M-Maitra/dp/0074517589/ref=sr_1_1?s=books&ie=UTF8&qid=1413015175&sr=1-1&keywords=HANDBOOK+OF+MECHANICAL+DESIGN+BY+G+M+MAITRA |
| 650 ## - SUBJECT ADDED ENTRY--TOPICAL TERM | |
| General subdivision | ME |
| 942 ## - ADDED ENTRY ELEMENTS (KOHA) | |
| Source of classification or shelving scheme | |
| Koha item type | Book |
| Withdrawn status | Lost status | Source of classification or shelving scheme | Damaged status | Not for loan | Permanent Location | Current Location | Shelving location | Date acquired | Source of acquisition | Cost, normal purchase price | Total Checkouts | Full call number | Barcode | Date last seen | Cost, replacement price | Price effective from | Koha item type |
|---|---|---|---|---|---|---|---|---|---|---|---|---|---|---|---|---|---|
| Pakistan Navy Engineering College (PNEC) | Pakistan Navy Engineering College (PNEC) | Reference | 08/25/1986 | Habib & Sons | 680.40 | 621.815 MAI | PNECLIB-010310 | 10/11/2014 | 680.40 | 08/25/1986 | Book |
